000 00568nam a22001817a 4500
005 20250127124542.0
010 _aENG-143597
020 _a9789354914911
_c155.00
035 _aEN-127129
037 _bDBAD
082 _a181.499
100 _aBijlani, Ramesh
_977129
245 _aSri Aurobindo For The Young/
_cby Ramesh Bijlani
260 _aNew Delhi
_bNational Book Trust, India
_c2022
270 _aNehru Bhawan, 5 Institutional Area, Phase-II Vasant Kunj
_bNew Delhi
_e110070
300 _a86p.
_c21cm(pb)
942 _2ddc
_cCH
_mBIJ
_h181.499
999 _c208797
_d208797